A magyar közjogtudomány a két világháború között
Elmentve itt :
| Szerző: | |
|---|---|
| További közreműködők: | |
| Dokumentumtípus: | Szakdolgozat |
| Megjelent: |
1977
|
| Tárgyszavak: | |
| Online Access: | http://diploma.bibl.u-szeged.hu/19321 |
| LEADER | 00563nta a2200157 i 4500 | ||
|---|---|---|---|
| 001 | dipl19321 | ||
| 005 | 20130314075318.0 | ||
| 008 | 111124s1977 hu om 0|| zxx d | ||
| 040 | |a SZTE Diploma Repozitórium |b hun | ||
| 041 | |a zxx | ||
| 100 | 1 | |a Varga László | |
| 245 | 1 | 2 | |a A magyar közjogtudomány a két világháború között |h [elektronikus dokumentum] / |c László Varga |
| 260 | |c 1977 | ||
| 650 | 4 | |a Jogi és igazgatási tanulmányok | |
| 700 | 1 | |a nincs megadva |e ths | |
| 856 | 4 | 0 | |u http://diploma.bibl.u-szeged.hu/id/eprint/19321/1/1977_varga_laszlo.pdf |z Dokumentum-elérés |